[Event "Erfurt op-B 28th"]
[Site "Erfurt"]
[Date "2018.12.29"]
[Round "6"]
[White "Latka, Richard"]
[Black "Schoenherr, Konrad"]
[Result "0-1"]
[WhiteElo "1808"]
[BlackElo "1871"]
[PlyCount "138"]
[EventDate "2018.12.26"]
[EventType "swiss"]
[EventRounds "8"]
[EventCountry "GER"]
[SourceTitle "EXT 2021"]
[Source "ChessBase"]
[SourceDate "2020.10.23"]
[SourceVersion "1"]
[SourceVersionDate "2020.10.23"]
[SourceQuality "1"]

1. d4 Nf6 2. c4 e5 3. dxe5 Ng4 4. Bf4 Nc6 5. Nf3 Bc5 6. e3 Qe7 7. Qd5 Nb4 8. Qd2 Nc6 9. a3 a5 10. Qd5 d6 11. exd6 cxd6 12. Be2 Be6 13. Qd1 Qf6 14. Qb3 h6 15. Nc3 Nxf2 16. Qxb7 0-0 17. Rf1 Rfc8 18. Qb3 Rab8 19. Qc2 Ng4 20. Qd2 g5 21. Bxd6 Bxe3 22. Qc2 Nd4 23. Qb1 Bf5 24. Ne4 Bxe4 25. Qxe4 Qxd6 26. Nxd4 Qxd4 27. Qxd4 Bxd4 28. Bxg4 Rxc4 29. Bh5 f6 30. Rb1 Bxb2 31. Ke2 Rc2+ 32. Kf3 f5 33. Rfe1 Rb3+ 34. Re3 Rxe3+ 35. Kxe3 Rxg2 36. h3 Bxa3 37. Rb8+ Kg7 38. Rb7+ Kf6 39. Rb6+ Ke7 40. Kf3 Rf2+ 41. Kg3 f4+ 42. Kg4 Rg2+ 43. Kf5 Rg3 44. Rxh6 Rxh3 45. Rh7+ Kd6 46. Kxg5 f3 47. Rf7 Rg3+ 48. Kh4 Rg1 49. Rxf3 Bc1 50. Bf7 a4 51. Kh3 a3 52. Rf2 Rg7 53. Ba2 Bb2 54. Rf8 Rg1 55. Rf2 Kc5 56. Rf8 Be5 57. Rf5 Kd4 58. Rf3 Bd6 59. Bf7 Ke4 60. Rf2 Ke3 61. Rf5 Ke4 62. Rf2 Bc5 63. Rc2 Bd4 64. Rc8 Kf3 65. Bd5+ Kf4 66. Re8 Rg3+ 67. Kh2 Bg1+ 68. Kh1 Bc5 69. Ra8 Bd6 0-1

[Event "Erfurt op-B 28th"]
[Site "Erfurt"]
[Date "2018.12.28"]
[Round "4"]
[White "Latka, Richard"]
[Black "Siebarth, Marco"]
[Result "1/2-1/2"]
[WhiteElo "1808"]
[BlackElo "2008"]
[PlyCount "90"]
[EventDate "2018.12.26"]
[EventType "swiss"]
[EventRounds "8"]
[EventCountry "GER"]
[SourceTitle "EXT 2021"]
[Source "ChessBase"]
[SourceDate "2020.10.23"]
[SourceVersion "1"]
[SourceVersionDate "2020.10.23"]
[SourceQuality "1"]

1. e4 c5 2. b4 cxb4 3. a3 e6 4. axb4 Bxb4 5. c3 Be7 6. Nf3 Nc6 7. d4 Nf6 8. d5 Na5 9. d6 Bf8 10. e5 Ng8 11. Na3 a6 12. Bd3 g6 13. h4 Bg7 14. h5 Nh6 15. Qc2 f5 16. Rb1 Nf7 17. Qe2 Nc6 18. Nc4 b5 19. h6 Bxh6 20. Bxh6 Nxh6 21. Rxh6 bxc4 22. Bxc4 Qa5 23. Qe3 Rb8 24. Rxb8 Nxb8 25. Nd4 f4 26. Qf3 Qxe5+ 27. Kf1 Qxd6 28. Qg4 Nc6 29. Rxg6 hxg6 30. Qxg6+ Kd8 31. Qf6+ Kc7 32. Qxh8 e5 33. Nf3 Qc5 34. Qg8 e4 35. Nd2 e3 36. Nb3 Qh5 37. fxe3 fxe3 38. Qg3+ Qe5 39. Qxe5+ Nxe5 40. Bd5 Ng6 41. Be4 Ne5 42. Ke2 Kb6 43. Kxe3 a5 44. Kd4 d6 45. c4 Nf7 1/2-1/2

[Event "Erfurt op-B 28th"]
[Site "Erfurt"]
[Date "2018.12.27"]
[Round "3"]
[White "Mix, Thomas"]
[Black "Latka, Richard"]
[Result "0-1"]
[WhiteElo "1910"]
[BlackElo "1808"]
[PlyCount "70"]
[EventDate "2018.12.26"]
[EventType "swiss"]
[EventRounds "8"]
[EventCountry "GER"]
[SourceTitle "EXT 2021"]
[Source "ChessBase"]
[SourceDate "2020.10.23"]
[SourceVersion "1"]
[SourceVersionDate "2020.10.23"]
[SourceQuality "1"]

1. Nf3 d5 2. c4 e6 3. g3 f5 4. Bg2 Nf6 5. 0-0 Bd6 6. b3 0-0 7. Bb2 c6 8. d3 Re8 9. Nc3 e5 10. Qc2 d4 11. Nb1 c5 12. Nfd2 Nc6 13. a3 Qe7 14. e4 f4 15. gxf4 exf4 16. Nf3 g5 17. e5 Nxe5 18. Nbd2 g4 19. Nxe5 Qxe5 20. f3 Qh5 21. fxg4 Nxg4 22. Bd5+ Be6 23. Bxe6+ Rxe6 24. Ne4 Ne3 25. Qf2 Nxf1 26. Rxf1 Rf8 27. Kh1 f3 28. Rg1+ Kh8 29. b4 b6 30. bxc5 bxc5 31. Rg5 Qxh2+ 32. Qxh2 Bxh2 33. Nxc5 Re1+ 34. Kxh2 Re2+ 35. Kg3 Rxb2 0-1

[Event "GER-chT U14"]
[Site "Magdeburg"]
[Date "2013.12.28"]
[Round "4.2"]
[White "Yang, Daniel Danyang"]
[Black "Latka, Richard"]
[Result "0-1"]
[WhiteElo "1566"]
[BlackElo "1485"]
[PlyCount "164"]
[EventDate "2013.12.27"]
[EventType "team-swiss"]
[EventRounds "4"]
[EventCountry "GER"]
[SourceTitle "EXT 2015"]
[Source "ChessBase"]
[SourceDate "2014.11.20"]
[SourceVersion "1"]
[SourceVersionDate "2014.11.20"]
[SourceQuality "1"]
[WhiteTeam "Koeln Porz"]
[BlackTeam "Weimar"]
[WhiteTeamCountry "GER"]
[BlackTeamCountry "GER"]

1. d4 Nf6 2. c4 e5 3. dxe5 Ng4 4. Nf3 Bc5 5. e3 Nc6 6. Nc3 Ngxe5 7. Bd3 0-0 8. 0-0 d6 9. Nxe5 Nxe5 10. b3 Qh4 11. Ne4 Nxd3 12. Qxd3 Bf5 13. f3 Rae8 14. Qc3 Bxe4 15. fxe4 Qxe4 16. Rf3 Qe5 17. Qxe5 Rxe5 18. Bd2 Rfe8 19. Re1 d5 20. b4 Bf8 21. Bc3 Re4 22. cxd5 Bxb4 23. Bxb4 Rxb4 24. Rc1 Rc8 25. Rf2 Rb6 26. Rfc2 c6 27. e4 f6 28. Kf2 Kf7 29. Ke3 Ke7 30. g4 Kd6 31. dxc6 Rbxc6 32. Rd1+ Ke6 33. Rb2 Rc3+ 34. Kd2 R3c7 35. Ke3 b6 36. Rbd2 Rc3+ 37. Ke2 Rc2 38. Ke3 R8c3+ 39. Kd4 Rxd2+ 40. Rxd2 Rh3 41. Rc2 Kd7 42. Kd5 Rd3+ 43. Kc4 Rd6 44. Kb5 Rd4 45. Re2 Ke6 46. Ka6 Ra4+ 47. Kb5 Ra5+ 48. Kc6 Ke5 49. Kb7 Kf4 50. h3 Kf3 51. Re1 Rxa2 52. e5 fxe5 53. Rxe5 Kg3 54. Re3+ Kh4 55. Re7 Kxh3 56. Rxg7 b5 57. Rxh7+ Kxg4 58. Kc6 b4 59. Rb7 a5 60. Kc5 Ra3 61. Kc4 Kf3 62. Rd7 Ke2 63. Rd4 b3 64. Kc3 a4 65. Rh4 Ra1 66. Rh2+ Kf3 67. Rb2 Rc1+ 68. Kb4 Ra1 69. Kc3 Re1 70. Rd2 Rb1 71. Rd3+ Kf2 72. Rd2+ Ke1 73. Rh2 Rc1+ 74. Kb2 Rd1 75. Ka3 Ra1+ 76. Kb4 Ra2 77. Rh1+ Kd2 78. Rh2+ Kd3 79. Rh3+ Kd4 80. Rh4+ Ke5 81. Rh1 b2 82. Rb1 a3 0-1

[Event "GER-chT U14"]
[Site "Magdeburg"]
[Date "2013.12.27"]
[Round "1.2"]
[White "Latka, Richard"]
[Black "Fege, Julian"]
[Result "1-0"]
[WhiteElo "1485"]
[BlackElo "1557"]
[PlyCount "43"]
[EventDate "2013.12.27"]
[EventType "team-swiss"]
[EventRounds "4"]
[EventCountry "GER"]
[SourceTitle "EXT 2015"]
[Source "ChessBase"]
[SourceDate "2014.11.20"]
[SourceVersion "1"]
[SourceVersionDate "2014.11.20"]
[SourceQuality "1"]
[WhiteTeam "Weimar"]
[BlackTeam "Weissensee Chemie"]
[WhiteTeamCountry "GER"]
[BlackTeamCountry "GER"]

1. e4 c5 2. Nf3 Nc6 3. d4 cxd4 4. Nxd4 Nf6 5. Nc3 e6 6. f4 Bb4 7. Nxc6 bxc6 8. Bd3 0-0 9. Bd2 d5 10. e5 Ne8 11. 0-0 Bc5+ 12. Kh1 a6 13. Na4 Be7 14. Rf3 c5 15. Bxh7+ Kxh7 16. Rh3+ Kg8 17. Qh5 f6 18. Qh7+ Kf7 19. Qh5+ Kg8 20. Rf1 fxe5 21. Qh7+ Kf7 22. fxe5+ 1-0